000 00504nam a2200181Ia 4500
001 18329
005 20260306171622.0
008 260306s9999||||xx |||||||||||||| ||und||
041 _aESP
082 _a658.403
_bQ23
100 _aQuemada Clariana, Enrique
_eAUT
245 0 _aCómo conseguir el mayor precio para mi empresa:
_bconsejos para tomar la decisión más inteligente
260 _c2009
300 _a279 páginas :
_c22 cm.
650 _aGEN
654 _aCAN
942 _cLIB
_dJUS
_fJUS
_2ddc
_n
999 _c18329
_d18329